000 00360 a2200169 4500
001 54139
020 _a
040 _cAnchieta - Pituba
100 _aJoel
240 1 0 _a2ª História, I unidade
_lpor
245 1 0 _a2ª História, I unidade
300 _a4
362 0 _a2016
440 1 _aColégio Anchieta
650 4 _aHistória do mundo
942 _cBK
999 _c54139
_d54139